<?xml version="1.0" encoding="UTF-8"?>
<record
    xmlns:xsi="http://www.w3.org/2001/XMLSchema-instance"
    xsi:schemaLocation="http://www.loc.gov/MARC21/slim http://www.loc.gov/standards/marcxml/schema/MARC21slim.xsd"
    xmlns="http://www.loc.gov/MARC21/slim">

  <leader>00646na  a2200229   4500</leader>
  <controlfield tag="001">19339</controlfield>
  <controlfield tag="003">MIRAKIL</controlfield>
  <controlfield tag="005">20181213155105.0</controlfield>
  <controlfield tag="008">161213b        tu            000 0      </controlfield>
  <datafield tag="040" ind1=" " ind2=" ">
    <subfield code="a">Milas</subfield>
    <subfield code="b">tur</subfield>
    <subfield code="c">TR-AnCHP</subfield>
  </datafield>
  <datafield tag="041" ind1=" " ind2=" ">
    <subfield code="a">tur</subfield>
    <subfield code="a">oto</subfield>
  </datafield>
  <datafield tag="082" ind1=" " ind2=" ">
    <subfield code="a">DAN 419.3</subfield>
    <subfield code="b">T96 1935</subfield>
  </datafield>
  <datafield tag="090" ind1=" " ind2=" ">
    <subfield code="a">DAN 419.3 T96 1935</subfield>
  </datafield>
  <datafield tag="245" ind1=" " ind2=" ">
    <subfield code="a">T&#xFC;rk&#xE7;eden Osmanl&#x131;caya cep klavuzu</subfield>
    <subfield code="c">TDK</subfield>
  </datafield>
  <datafield tag="260" ind1=" " ind2=" ">
    <subfield code="a">&#x130;stanbul</subfield>
    <subfield code="b">Devlet Bas&#x131;mevi</subfield>
    <subfield code="c">1935</subfield>
  </datafield>
  <datafield tag="300" ind1=" " ind2=" ">
    <subfield code="a">340 s.</subfield>
    <subfield code="c">15 sm.</subfield>
  </datafield>
  <datafield tag="500" ind1=" " ind2=" ">
    <subfield code="a">T&#xFC;rk&#xE7;e-Osmanl&#x131;ca s&#xF6;zl&#xFC;k</subfield>
  </datafield>
  <datafield tag="650" ind1=" " ind2=" ">
    <subfield code="a">Osmanl&#x131;ca</subfield>
    <subfield code="x">S&#xF6;zl&#xFC;kler</subfield>
    <subfield code="y">T&#xFC;rk&#xE7;e</subfield>
  </datafield>
  <datafield tag="650" ind1=" " ind2=" ">
    <subfield code="a">T&#xFC;rk&#xE7;e</subfield>
    <subfield code="x">Klavuzlar</subfield>
    <subfield code="y">Osmanl&#x131;ca</subfield>
  </datafield>
  <datafield tag="710" ind1=" " ind2=" ">
    <subfield code="a">T&#xFC;rk Dil Kurumu</subfield>
  </datafield>
  <datafield tag="942" ind1=" " ind2=" ">
    <subfield code="2">ddc</subfield>
    <subfield code="c">BKS</subfield>
  </datafield>
  <datafield tag="952" ind1=" " ind2=" ">
    <subfield code="a">0001</subfield>
    <subfield code="b">0001</subfield>
    <subfield code="d">2016-12-13</subfield>
    <subfield code="e">2</subfield>
    <subfield code="l">0</subfield>
    <subfield code="o">DAN 419.3 T96 1935</subfield>
    <subfield code="p">011546</subfield>
    <subfield code="r">2016-12-13 00:00:00</subfield>
    <subfield code="v">0.00</subfield>
    <subfield code="w">2016-12-13</subfield>
    <subfield code="y">BKS</subfield>
  </datafield>
  <datafield tag="999" ind1=" " ind2=" ">
    <subfield code="c">6355</subfield>
    <subfield code="d">6355</subfield>
  </datafield>
</record>
